Statistics for Bayern Munich 2020's Starting XI

Click here to take the quiz!

General Stats

  • This quiz has been taken 5,028 times
    (12 since last reset)
  • The average score is 18 of 21

Answer Stats

Player% Correct
Alphonso Davies
100%
David Alaba
100%
Harry Kane
100%
Leon Goretzka
100%
Leroy Sané
100%
Manuel Neuer
100%
Robert Lewandowski
100%
Thomas Müller
100%
Dayot Upamecano
90%
Joshua Kimmich
90%
Kim Min-jae
90%
Kingsley Coman
90%
Serge Gnabry
90%
Yann Sommer
90%
Benjamin Pavard
80%
Matthijs de Ligt
80%
Thiago Alcántara
80%
Jamal Musiala
70%
Konrad Laimer
70%
Jérôme Boateng
60%
Lucas Hernández
60%

Score Distribution

Percentile by Number Answered

Percent of People with Each Score

Your Score History

You have not taken this quiz since the last reset